Využití výpočetní techniky v údržbě a opravách výrobních zařízení a další směry rozvoje

Bibliographic Details
Main Author: Přívratský, Jaroslav (Author)
Format: Article
Language:Czech
Subjects:

MARC

LEADER 00000nab a2200000 a 4500
001 vtls000338032
003 SK-MaSNL
005 20260303171656.0
008 160201c1988 xo 0 cze
015 |a SNBRA19rr/mm-uuuuu 
035 |a CL0338154 
040 |a SNKBUCL  |b slo  |c SNKBUCL  |e AACR2 
041 0 |a cze 
044 |a xo  |c SK 
080 |a 621.311.004.6:681.3  |2 1981 
080 |a 681.3  |2 1981 
100 1 |a Přívratský, Jaroslav  |4 aut  |9 1196326 
245 1 0 |a Využití výpočetní techniky v údržbě a opravách výrobních zařízení a další směry rozvoje  |c Jaroslav Přívratský 
650 0 7 |a energetické zariadenia  |2 snkbucl  |9 69243 
650 0 7 |a údržba strojov  |2 snkbucl  |9 3533 
650 0 7 |a počítače  |2 snkbucl  |9 2027 
650 0 7 |a České energetické závody, koncern  |2 snkbucl  |9 937651 
655 7 |a články zo zborníkov  |2 snkbucl  |9 166140 
773 0 |t Opravy a údržba energetických zariadení  |d Bratislava : Dom techniky ČSVTS, 1988 
850 |a Slovenská národná knižnica v Martine  |a MTA001 
852 |a SNK  |b KIS3GCP 
958 |a RK 
958 |a CZ 
992 |a RZB 
999 |c 2082812  |d 2084742